Gemeinden von Neunkirchen - Statistiken

Allgemein
  • Dieses Quiz wurde 274 mal gespielt
  • Das Durchschnittsergebnis liegt bei 23 aus 44
Antwortstatistiken
Einwohner Gemeinde % Korrekt
12.709 Neunkirchen
97%
14.606 Ternitz
89%
5.944 Gloggnitz
85%
2.706 Puchberg am Schneeberg
75%
536 Semmering
74%
1.568 Grünbach am Schneeberg
68%
2.524 Reichenau an der Rax
68%
2.054 Payerbach
67%
390 St. Corona am Wechsel
64%
2.511 Kirchberg am Wechsel
63%
1.783 Aspang-Markt
61%
1.979 St. Egyden am Steinfeld
61%
1.895 Aspangberg-St. Peter
58%
1.881 Scheiblingkirchen-Thernberg
58%
2.016 Schwarzau am Steinfeld
57%
646 Schwarzau im Gebirge
57%
1.513 Warth
56%
2.807 Pitten
51%
1.450 Seebenstein
51%
539 Trattenbach
51%
1.645 Wimpassing im Schwarzatale
51%
1.397 Zöbern
51%
909 Edlitz
50%
1.315 Grimmenstein
50%
598 Mönichkirchen
50%
976 Willendorf
50%
1.585 Würflach
50%
1.051 Feistritz am Wechsel
49%
309 Raach am Hochgerbirge
49%
322 Breitenstein
47%
1.267 Thomasberg
46%
584 Otterthal
43%
689 Schottwien
42%
427 Prigglitz
39%
331 Altendorf
38%
1.582 Breitenau
38%
2.178 Grafenbach-St. Valentin
36%
1.956 Enzenreith
33%
1.634 Wartmannstetten
33%
343 Buchbach
31%
1.721 Natschbach-Loipersbach
31%
371 Schrattenbach
28%
874 Höflein an der Hohen Wand
26%
170 Bürg-Vöstenhof
24%
Keine übereinstimmenden Quizze gefunden
Verteilung der Resultate
Anzahl Personen mit jedem Resultat
Perzentil nach korrekt beantworteten Fragen
Ihre Resultats-Entwicklung
Sie haben dieses Quiz noch nicht gespielt